=LDR 00000nam 2200000 4500 =001 INLIS000000000045525 =005 20251120032654 =035 ##$$a 0010-021500000000085 =008 251120################g##########0#ind## =020 ##$$a 978-97917609-3-5 =040 ##$$a NBPDMAT =082 ##$$a 551.43 =090 ##$$a 551.43 $b Mei m =100 ##$$a Meidiana Frikasari =245 1#$$a Memahami sains dari alam, gunung /$c Meidiana Frikasari; editor, Tim MU =260 ##$$a Bandung :$b Mitra Utama,$c 2008 =300 ##$$a vi, 74 hlm. : $b ilus. ; $c 21x15 cm. =650 #4$$a Gunung =850 ##$$a NBPDMAT =084 ##$$a 551.43 MEI m =250 ##$$a Cetakan pertama =990 ##$$a 21421277 =990 ##$$a 21421278 =990 ##$$a 21421279 =990 ##$$a 21421280 =990 ##$$a 21421281 =990 ##$$a 21421277 =990 ##$$a 21421278 =990 ##$$a 21421279 =990 ##$$a 21421280 =990 ##$$a 21421281